[Event "Golombek Memorial"]
[Site "Paignton"]
[Date "2000.09.05"]
[Round "3"]
[White "Gormally, Daniel"]
[Black "Hebden, Mark"]
[Result "1-0"]
[WhiteElo "2499"]
[BlackElo "2505"]
[Annotator "Tsesarsky,I"]
[PlyCount "79"]
[EventDate "2000.09.03"]
[EventType "tourn"]
[EventRounds "11"]
[EventCountry "ENG"]
[EventCategory "11"]
[SourceTitle "CBM 079"]
[Source "ChessBase"]
[SourceDate "2000.11.21"]
[SourceVersion "1"]
[SourceVersionDate "2000.11.21"]
[SourceQuality "1"]

1. d4 Nf6 2. Bg5 Ne4 3. Bf4 c5 4. f3 Qa5+ 5. c3 Nf6 6. d5 Qb6 7. b3 e6 8. e4
exd5 9. exd5 Bd6 10. Bg5 (10. Nh3 O-O 11. Qd2 {see comments to the game  1/2-1/
2 Sokolov,I-Smirin,I/Wijk aan Zee 1993/CBM 34/[Schussler] (33)} (11. c4 $2 {
[%tqu "En","?","","","f6d5","",10,"f6h5","",0]} Nxd5 $3 (11... Nh5 12. Bxd6
Qxd6 13. Nc3 Qe5+ 14. Ne2 d6 15. g4 Nf6 16. Rc1 $11 {0-1 Medancic,R-Tukmakov,V/
Zadar 1997/EXT 99 (30)}) 12. cxd5 (12. Qxd5 Bxf4 13. Nxf4 Qf6 $19) 12... Bxf4
13. Nxf4 Qf6 $17)) (10. Be3 O-O 11. Na3 Re8 12. Nc4 Qc7 13. Kf2 Bf8 14. a4 d6
15. Ne2 Nbd7 $132 {0-1 Houska,M-Gullaksen,E/London 1997/EXT 99 (80)}) 10... Be7
(10... O-O 11. Bxf6 Re8+ 12. Be2 (12. Ne2 gxf6 13. Nd2 Bf8 14. Nc4 Qd8 15. a4
d6 16. Qd3 Bh6 17. Kf2 f5 18. f4 $14 {1-0 Rey,G-Russell,R/San Francisco 1999/
CBM 69 ext (48)}) 12... gxf6 13. Nd2 $1 Qc7 $6 14. Ne4 $16 {Hall,J-Khenkin, La
Coruna 1992}) 11. c4 (11. Bc4 O-O 12. Ne2 d6 13. O-O a6 14. a4 Qa5 15. Na3 Nbd7
$11 {0-1 Wojtaszek,R-Grabarska,B/Koszalin 1999/EXT 2000 (45)}) (11. d6 Qxd6 12.
Qxd6 Bxd6 13. Bxf6 gxf6 14. Bc4 Nc6 $44 (14... Be7 15. Na3 Nc6 $44 (15... d5 $2
16. Bxd5 Nc6 17. Ne2 Bd7 18. O-O-O $16 {1-0 Dishman,S-Mack,A/Birmingham ENG
2000/The Week in Chess 308 (44)}))) 11... d6 (11... O-O 12. Nc3 Re8 13. Nge2 (
13. Be2 d6 14. Qc2 Na6 15. a3 Qd8 16. Bd2 Nc7 17. Bd3 b5 18. Nge2 a6 19. O-O
Rb8 20. g4 $132 {0-1 Orr,M-Nunn,J/Bunratty 1998/CBM 62 ext (43)}) 13... d6 14.
Qd2 Nbd7 (14... Qd8 15. Be3 Bf8 16. Ng3 Na6 17. Be2 Nc7 18. O-O Rb8 $132 {
[%cal Gb7b5]} (18... b5 $2 19. cxb5 Bb7 (19... Bd7 20. Bc4 $16 {1-0 Orr,M-Ryan,
J/Drogheda 1999/EXT 2000 (33)}) 20. Bc4 Ncxd5 21. Nxd5 Bxd5 22. Bxd5 Nxd5 23.
Qxd5 Rxe3 24. Ne4 $14)) 15. Be3 Ne5 16. Ng3 Bd7 17. Be2 h6 18. O-O Bf8 19. h3
Re7 20. Kh1 Rae8 21. Bg1 a6 22. f4 Ng6 23. Bd3 Qa5 24. a4 Rb8 25. Qc2 Ree8 26.
Nce4 $14 {1/2-1/2 Orr,M-Mannion,S/Grangemouth 1998/EXT 99 (52)}) 12. Nc3 O-O
13. Bd3 Qd8 14. Bd2 Nbd7 15. Nge2 Ne5 16. Bc2 Nh5 17. O-O f5 18. f4 Ng4 (18...
Ng6 19. a3 $14 (19. Nc1 Nf6 20. Re1 $14)) 19. h3 Nh6 20. Bd3 Bf6 21. Qc2 Kh8
22. g3 Bd7 23. Kh2 {White has space advantage, Black hasn't counterplay.} g5 $6
$16 {Wrong activity.} (23... g6 $142 24. Rae1 Re8 $14) 24. fxg5 Bxg5 25. Nf4 {
[%csl Yf4,Rf5] Black weakened f4 square and Pf5.} Nxf4 26. Bxf4 Bxf4 27. Rxf4 {
[%csl Rf5]} Qg5 28. Raf1 Rf7 ({better was} 28... Rfe8 {but after some
manoeuvres like} 29. Ne2 Re5 30. R4f3 Rae8 31. Nf4 a6 32. Ng2 b5 33. Nh4 Rg8
34. Qf2 b4 35. Rf4 {[%cal Gh4f3]} Qg7 36. Rg1 {[%csl Rf5]} Rge8 37. Rg2 $1 $16
{[%csl Rf5] White at last wins f5 weakness.}) 29. Ne2 Re8 30. R4f3 Rg7 (30...
Rfe7 31. Nf4 $16 {[%csl Rf5][%cal Gc2f2,Gf4g2,Gg2h4] Wtth plan of pressure on
the weakness f5}) 31. Qc1 $6 $14 {Wrong desicion! Without QQ Black feels much
better.} (31. Nf4 $16 {[%csl Rf5][%cal Gc2f2,Gf4g2,Gg2h4]}) 31... Qxc1 {
Black uses possibility to chang QQ.} (31... Nf7 $5 32. Qxg5 $140 Nxg5 33. R3f2
Rge7 34. Nf4 $14 {[%cal Gg5e4,Ge7e3]}) (31... Qg6 $5 32. Nf4 $16) 32. Nxc1 Rge7
33. R3f2 Kg7 34. Ne2 Nf7 35. Nf4 Ne5 $4 $18 {[%mdl 8192]} ({Possible to play} 
35... Re5 36. Ng2 Nh6 37. Nh4 Re1 38. Rxe1 Rxe1 39. Kg2 Re5 $14) 36. Bxf5 $1
Bxf5 37. Nh5+ Kh6 (37... Kg6 38. Rxf5 Nd7 39. g4 Re2+ 40. Kg3 $18 {[%cal Gg3h4,
Gh5f4,Gf4e6]}) 38. Rxf5 Ng6 39. Nf6 Re2+ 40. Kg1 (40. Kg1 R8e5 (40... R8e7 41.
Ng8+) (40... Rd8 41. Rh5+ Kg7 42. Rxh7+ Kf8 43. Ng4+ Ke8 44. Rff7 $18) 41. Ng4+
) 1-0

[Event "NOR-ch playoff"]
[Site "Asker"]
[Date "2000.07.08"]
[Round "1"]
[White "Agdestein, Simen"]
[Black "Djurhuus, Rune"]
[Result "1-0"]
[WhiteElo "2588"]
[BlackElo "2484"]
[Annotator "Tsesarsky,I"]
[PlyCount "129"]
[EventDate "2000.07.16"]
[EventType "match"]
[EventRounds "2"]
[EventCountry "NOR"]
[SourceTitle "CBM 079"]
[Source "ChessBase"]
[SourceDate "2000.11.21"]
[SourceVersion "1"]
[SourceVersionDate "2000.11.21"]
[SourceQuality "1"]

1. d4 Nf6 2. Bg5 (2. c4 g6 3. Nc3 Bg7 4. e4 d6 5. f3 O-O 6. Nge2 c5 7. d5 e6 8.
Ng3 exd5 9. cxd5 Nbd7 10. Be2 h5 11. Bg5 (11. O-O Nh7 12. Nh1 Ne5 13. Nf2 {
0-1 Kortschnoj,V-Brunner,L/SWZ-chT 1991/EXT 98 (42)}) 11... a6 12. a4 Qe8 13.
Qd2 Nh7 14. Bh6 h4 (14... Bxh6 15. Qxh6 Qe7 {1-0 Dragomarezkij,E-Umanskaya,I/
Moscow 1998/EXT 99 (27)}) (14... f5 {1-0 Ward,C-Buckley,S/Scarborough 1999/CBM
71 ext (34)}) 15. Bxg7 Kxg7 16. Nf1 {1-0 Renet,O-Sorin,A/Buenos Aires 1994/CBM
42 (42)}) 2... Ne4 3. Bf4 c5 4. f3 Qa5+ 5. c3 Nf6 6. d5 Qb6 7. Bc1 d6 (7... g6
8. Nh3 d6 9. Nf2 Bg7 10. e4 e6 11. c4 O-O 12. Nc3 exd5 13. cxd5 Na6 14. Be2 Bd7
15. O-O Rac8 16. Bc4 $14 {1/2-1/2 Hodgson,J-Ftacnik,L/Ischia 1996/CBM 54 (41)})
8. e4 g6 9. c4 $5 ({In some games was played} 9. a4 Bg7 10. Na3 {[%cal Ga3c4]
the main idea of 9.a4- to reserve c4 square for white N.} O-O 11. Nc4 Qc7 (
11... Qd8 12. Bg5 h6 13. Be3 Nbd7 14. Nh3 Nb6 15. Nf2 Nxc4 16. Bxc4 Rb8 17. O-O
a6 18. a5 $14 {0-1 Arduman,C-Sharavdorj,D/Elista 1998/CBM 66 ext (85)}) 12. Bg5
(12. Ne2 Nbd7 13. Ng3 Nb6 14. Be3 h5 15. Be2 Ne8 16. O-O e6 17. Qd2 h4 18. Nh1
exd5 19. exd5 Bd7 $132 {1-0 Kinsman,A-Littlewood,J/GBR 1998/CBM 64 ext (40)})
12... h6 13. Be3 Ne8 14. Qd2 Kh7 15. h4 Nd7 16. Nh3 Ne5 17. f4 (17. Nxe5 dxe5
18. h5 g5 19. Nf2 $132) 17... Ng4 (17... Nxc4 18. Bxc4 Nf6 19. Nf2 $132) 18. h5
gxh5 19. Bd3 f5 $132 {1-0 Liang Chong-Ahmad,A/Vung Tau City 1999/CBM 72 ext 
(37)}) (9. Na3 Bg7 10. Bb5+ Nbd7 11. Nh3 a6 12. Be2 Qc7 13. O-O O-O 14. Nf2 Rb8
$132 {1/2-1/2 Dizdarevic,E-Beshukov,S/Buenos Aires 2000/CBM 73 ext/[ChessBase]
(79)}) 9... Bg7 10. Nc3 O-O 11. Nge2 e6 12. Ng3 exd5 13. cxd5 h5 14. Be2 Nbd7 {
This position - with black Q on d8 instead of b6 - was played in some games 
(key A65) - see comments to the 2 move.} 15. Qc2 ({Of course, Qb6 placed
better than on d8. Here is impossible} 15. Bg5 $2 {because of} Qxb2 $17) 15...
h4 $6 {Dubious plan.} (15... Re8 $142 16. O-O (16. Bf4 Ne5 17. O-O Bd7 18. Rfc1
$14) 16... c4+ 17. Rf2 (17. Kh1 $2 h4 $17) 17... Nh7 {[%cal Gg7d4]} 18. Na4 Qa6
19. Be3 b5 20. Nc3 Nb6 21. a3 (21. a4 $6 bxa4 (21... b4 22. Nd1 Bd7 23. a5 Bb5
24. Qd2 $14) 22. Nf1 Bd7 23. Nd2 Rac8 $15) 21... b4 22. Nd1 Bd7 (22... b3 23.
Qd2 $14) 23. Qd2 $14) 16. Nf1 h3 (16... Nh5 $6 17. f4 $1 Nhf6 18. Nd2 Re8 19.
Nc4 Qa6 20. O-O $16) 17. gxh3 Nh5 {It is not easy for Black to justify P lack.}
18. Ng3 Ndf6 19. h4 $5 Bh3 20. Nd1 (20. Bg5 $1 $16) 20... Rfe8 21. Nf2 Bd7 22.
O-O (22. Rg1 $1 {and now Nf6 can't move. In other side, continuation} Nxg3 23.
hxg3 $16 {repairing white PP structure}) 22... Rac8 23. a4 c4 24. Kg2 Nh7 25.
Ra3 $1 {[%cal Ga3g3] R will take part in Attack!} Qd8 {[%csl Rh4]} 26. Nxh5
gxh5 27. f4 {[%cal Ga3g3]} Qxh4 28. Bxc4 {Black has hopeless position.} ({Or} 
28. Rg3 Kh8 29. Bxc4 Nf6 30. b3 $16) 28... Kh8 29. Rg3 Qf6 30. Kh1 {[%cal
Gf1g1]} h4 31. Rg2 Qd4 ({After} 31... b5 32. axb5 Bxb5 33. b3 Bxc4 34. bxc4 {
White keep advantage:} Qc3 (34... Qd4 35. Rfg1 Rxc4 36. Qe2 Bf6 (36... Rxc1 37.
Rxc1 $18) 37. Bb2 Qxb2 38. Qxc4 $18) 35. Qxc3 Bxc3 36. Ba3 $16 {[%csl Rc4,Rd6]}
) 32. b3 Rg8 ({Interesting also} 32... f5 $5 33. Rd1 Qc3 34. Qxc3 Bxc3 35. Bd3
$16) 33. Rfg1 Bf6 34. Nd1 (34. Ng4 Bxg4 35. Rxg4 Rxg4 36. Rxg4 a6 37. a5 $16) (
{Not bad also} 34. Rxg8+ Rxg8 35. Rxg8+ Kxg8 36. Nd1 $16 {[%cal Gc1e3]}) 34...
Rxg2 35. Qxg2 Re8 $8 {[%cal Ge8e4]} 36. Nf2 {[%csl Ye4]} (36. Bb2 $2 Qxe4 $11)
36... h3 37. Qf3 Rg8 38. Rd1 (38. Rxg8+ Kxg8 39. Bf1 $18) 38... Qa1 39. f5 (39.
Bf1 $18 {[%csl Rh3]}) 39... Qa2 40. Bf4 Bxa4 {Black tries to comlicate great
advantage of White realization.} 41. Bxd6 b5 42. e5 (42. bxa4 bxc4 43. Nxh3 $18
) 42... bxc4 43. bxa4 Bh4 ({Another trying to complicate the game was} 43...
Rg2 $5 44. Nxh3 (44. exf6 Qxf2 (44... Rxf2 45. Qg4 Rg2 46. Bg3 $18) 45. Qxf2
Rxf2 46. Bc5 Rxf5 47. Bxa7 c3 48. Rc1 (48. a5 c2 49. Rc1 Rxd5 $11) 48... Rxd5
49. Rxc3 Rd1+ 50. Bg1 Nxf6 51. Rxh3+ Kg7 52. Ra3 $16) 44... Rxh2+ 45. Kg1 Ng5
46. Nxg5 Bxg5 47. Bc5 c3 48. e6 c2 49. Rf1 c1=Q 50. Rxc1 Bxc1 51. exf7 Bh6 {
[%tqu "En","?","","","d5d6","",10]} 52. d6 $3 Qxf7 (52... Rd2 53. Qa8+ $18) 53.
Kxh2 $18) 44. Nxh3 c3 45. e6 c2 46. Rc1 Bf6 (46... fxe6 47. fxe6 Qb2 48. Bf4
Be7 49. Nf2 $18) 47. exf7 Rd8 48. Qe4 Qb3 49. Nf4 Ng5 50. f8=Q+ ({Winning also
} 50. Qe8+ Kh7 51. f8=Q Qf3+ 52. Ng2 Rxe8 53. Qxe8 Qd1+ 54. Qe1 $18) 50... Rxf8
51. Ng6+ $4 $132 ({Simply and strong was} 51. Qxc2 Qxc2 52. Rxc2 $18) 51... Kg8
52. Qg2 (52. Qxc2 Qxd5+ 53. Qg2 Qxd6 54. Nxf8 Kxf8 $44) 52... Rd8 53. h4 (53.
Ne7+ $2 Kf7 $15 {[%csl Rd6,Re7]}) 53... Rxd6 54. hxg5 Rxd5 $4 $18 ({Very
strong was} 54... Bd8 $1 55. Rxc2 (55. f6 Rxd5 56. Rxc2 Qb1+ 57. Kh2 Rxg5 58.
Qxg5 Qxc2+ 59. Kg3 Qc3+ 60. Kg4 Bxf6 $11) 55... Rd7 $1 {[%cal Gd7h7]} 56. Rc8
$8 Rh7+ 57. Kg1 Qb1+ 58. Kf2 Qxf5+ 59. Qf3 Rh2+ 60. Ke3 Qxg5+ 61. Nf4 Ra2 $44)
55. Rxc2 $4 $132 ({Why not} 55. gxf6 $1 Rd1+ 56. Kh2 $18 {[%csl Rg8]}) 55...
Rd1+ $4 $18 {Mistakes comedy is continued.} ({Right was} 55... Bd8 $1 56. Rf2
Rd1+ 57. Kh2 Bc7+ 58. Nf4 Qf7 {[%csl Rf5][%cal Gf7h5,Gf7f5]} 59. Qa8+ Rd8 60.
Qe4 Qh5+ 61. Kg3 Qxg5+ 62. Kf3 {[%cal Gf2g2]} Qxf4+ 63. Qxf4 Bxf4 64. Kxf4 Rd4+
$11) 56. Kh2 Qb8+ 57. Kh3 Rd3+ 58. Kg4 Bxg5 (58... Bd8 59. Re2 $18) 59. Kh5 $1
{[%cal Gg2g8]} Kh7 60. Qxg5 Rh3+ 61. Nh4 Qe8+ 62. Qg6+ Qxg6+ 63. fxg6+ Kg7 64.
Rc7+ Kf6 65. Rf7+ 1-0

[Event "Olympiad-34"]
[Site "Istanbul"]
[Date "2000.11.12"]
[Round "14.1"]
[White "Torre, Eugenio"]
[Black "Miezis, Normunds"]
[Result "0-1"]
[WhiteElo "2552"]
[BlackElo "2518"]
[Annotator "Tsesarsky,I"]
[PlyCount "151"]
[EventDate "2000.10.28"]
[EventType "team-swiss"]
[EventRounds "14"]
[EventCountry "TUR"]
[SourceTitle "EXT 2001"]
[Source "ChessBase"]
[SourceDate "2000.11.22"]
[SourceVersion "1"]
[SourceVersionDate "2000.11.22"]
[SourceQuality "1"]
[WhiteTeam "Philippines"]
[BlackTeam "Latvia"]
[WhiteTeamCountry "PHI"]
[BlackTeamCountry "LAT"]

1. d4 Nf6 2. Bg5 e6 3. e4 h6 4. Bxf6 Qxf6 5. Nc3 d6 6. Qd2 Nd7 7. f4 (7. g3 e5
8. Bg2 exd4 9. Nd5 Qd8 10. Qxd4 c6 11. Ne3 Qb6 $11 {1/2-1/2 Lputian,S-Van der
Wiel,J/Wijk aan Zee 1999/CBM 69 (16)}) ({Sometimes White plays first} 7. O-O-O
a6 {and then} 8. f4 Qd8 9. e5 d5 10. Nf3 b5 11. f5 Nb6 $132 {1/2-1/2 Knezevic,
B-Foisor,O/Zaragoza 1996/EXT 97 (19)}) 7... g5 ({Another variations are:} 7...
a6 $5 {-can be recommended. Black solve all opening problems and avoid sharp
position after 7...g5.8.Nb5 - see next commentary} 8. Nf3 Qd8 (8... g6 9. e5
Qe7 10. Bd3 Bg7 11. O-O-O b5 12. g4 Bb7 13. Be4 d5 14. Bd3 c5 $132 {1-0 Donka,
P-Kustar,S/HUN 1995/EXT 99 (42)}) (8... b5 9. e5 dxe5 10. fxe5 Qd8 11. Bd3 Bb7
12. Ne4 Be7 13. O-O-O c5 14. dxc5 Nxc5 15. Nxc5 Bxc5 16. Qe2 Qb6 $15 {1/2-1/2
Mah,K-Berescu,A/Guarapuava 1995/Juniors (32)}) (8... b6 9. Bd3 g5 10. fxg5 hxg5
11. e5 Qe7 12. Be4 Ra7 13. Qxg5 dxe5 14. Qd2 Bh6 15. Qf2 $132 {0-1 Seret,
J-Cerisier,P/Strasbourg 1992/EXT 97 (59)}) 9. O-O-O b5 10. e5 Bb7 11. d5 exd5
12. Nxd5 dxe5 13. Re1 Bc5 14. fxe5 Nb6 15. Nxb6 Qxd2+ 16. Kxd2 Bxb6 17. Bd3
O-O-O $15 {1/2-1/2 Ehlvest,J-Franco Ocampo,Z/Dos Hermanas 1998/EXT 99 (17)}) (
7... c6 $6 {This move idea is to promote e6-e5} 8. e5 $1 {White do it first!} (
8. Nf3 e5 $1 (8... Qd8 $6 9. O-O-O a5 10. f5 Nf6 11. fxe6 Bxe6 12. d5 $14 {
1-0 Hodgson,J-Mariano,N/Las Vegas 1995/EXT 2000 (18)}) 9. dxe5 dxe5 10. f5 Bb4
11. O-O-O Qe7 12. Qe3 Nf6 $11 {0-1 Anguix Garrido,J-Villavicencio,A/Las Palmas
1993/EXT 97 (43)}) 8... dxe5 (8... Qe7 9. Ne4 dxe5 (9... d5 10. Nd6+ $14) 10.
dxe5 Qb4 11. Qxb4 Bxb4+ 12. c3 Be7 13. O-O-O $14 {1-0 Huber,P-Lehmann,S/
Schoeneck 1999/EXT 2000 (43)}) 9. dxe5 Qd8 10. Ne4 Qb6 11. O-O-O {1-0 Hodgson,
J-Kellenberger,S/Bern 1994/TD (33)}) (7... Qd8 $6 {Unnecessary retreat.} 8. Nf3
Be7 9. O-O-O $14 {0-1 Svenn,M-Sjoberg,M/Sweden 1998/EXT 2000 (27)}) 8. Nh3 ({
Another very interesting plan is connected with complexities and sharp
position:} 8. Nb5 Kd8 $1 (8... Qd8 $5 9. Qc3 c6 10. d5 Rg8 $1 (10... cxb5 $2
11. Qxh8 $16 {1-0 Hergott,D-Williams,P/North Bay 1996/EXT 98 (26)}) 11. dxc6
Nc5 12. e5 {1/2-1/2 Rogozenko,D-Itkis,B/Kishinev 1998/CBM 64 (12)} d5 13. c7
Qd7 14. fxg5 Rxg5 15. Nf3 Rg4 16. O-O-O Ne4 $44 {[%cal Ga7a6]}) 9. Nh3 gxf4 10.
Nxf4 c6 11. Na3 e5 12. dxe5 dxe5 13. Ne2 Kc7 $132 {1-0 Danielian,O-Losev,D/
Moscow 1995/CBM 50 ext (26)}) 8... gxf4 9. Nxf4 c6 {We already know this move
target - to play e6-e5} 10. Be2 e5 11. Nh5 Qg5 $6 $14 ({Much better was} 11...
Qg6 $5 $132 {for example:} 12. O-O Be7 13. Ng3 Bg5 14. Qd3 Bf4 15. Nh5 (15. Bh5
Qg5 16. Qf3 Bxg3 17. Bxf7+ Ke7 18. Qxg3 Qxg3 19. hxg3 exd4 $15) 15... Bg5 16.
Ng3 Bf4 $11) 12. Qxg5 hxg5 13. d5 $1 {[%csl Rf5,Rf6,Gh5][%cal Gf1f7] White has
certain advantage in view of eventual pressure on f-file and f5,f6 squares
weaknesses.} Ke7 14. O-O Nb6 15. a4 {White plays on whole board.} ({Good also} 
15. Ng3 $5 $14 {[%cal Gg3f5,Gf1f2,Ga1f1]}) 15... a5 (15... g4 16. Nf6 g3 17.
hxg3 Bh6 18. Rf3 $14) 16. Ra3 $6 (16. Ng3 $142 $14) (16. Rf2 $6 cxd5 17. exd5
f5 18. Ng3 f4 19. Nge4 Bh6 $132) ({Interesting also} 16. g4 $5 $14 {[%csl Gd5,
Ge4,Gg4] with white squares blockade on the kingside.}) 16... g4 $5 (16... cxd5
17. Rb3 d4 18. Rxb6 dxc3 19. bxc3 $14) 17. Nf6 Bh6 $5 $132 ({Why not} 17... g3
$1 18. hxg3 Bh6 {[%csl Rg1][%cal Gh6e3]} 19. Rf3 Bg5 {[%csl Rf6]} 20. Rb3 Nxa4
$1 21. Nxa4 Bxf6 22. Nb6 Ra7 $132) 18. Nxg4 Bxg4 19. Bxg4 Nc4 20. Rb3 Ra7 ({
In case of} 20... Rab8 21. dxc6 bxc6 22. Bh5 $5 Rxb3 {White keep small
advantage:} 23. Rxf7+ (23. cxb3 Be3+ 24. Kh1 Nd2 $132) 23... Ke6 24. cxb3 Be3+
25. Kh1 Rxh5 26. Rf3 Nd2 27. Rxe3 Nf1 (27... Rxh2+ 28. Kxh2 Nf1+ 29. Kh3 Nxe3
30. g4 d5 31. Kh4 d4 32. Nb1 Nf1 33. b4 axb4 34. a5 $18) 28. Rh3 Rxh3 29. gxh3
Nd2 30. Kg2 $14) 21. Nd1 Nd2 22. dxc6 bxc6 23. Rb6 Nxf1 24. Kxf1 Rc7 25. Ra6
Bd2 $2 (25... Bc1 26. h3 Rb8 27. b3 Bd2 $44) 26. Ke2 Bb4 $6 $16 (26... Bc1 27.
h3 Rb8 28. b3 $14 {[%csl Ra5,Rc1]}) 27. h3 d5 (27... Rb8 28. c3 Bc5 29. Rxa5
Rb3 30. Kd3 $16) 28. c3 Bc5 29. Rxa5 Bb6 30. Ra6 Rb8 31. a5 Ba7 32. Kd3 Rd8 33.
b4 Rb8 {White has clear advantage in the endgame because there are no open
files for black rooks - this factor is added to the material advantage.} 34.
Nb2 Bg1 35. Na4 (35. Bf3 $6 d4 $1 {[%csl Rb4,Rc3]} 36. Nc4 f6 37. Na3 dxc3 38.
Kxc3 Rcb7 39. Nc2 c5 40. bxc5 Bxc5 41. Rc6 $14) 35... d4 $2 $18 {with idea to
destroy white PP chain. Both of sides didn't see this idea refutation.} (35...
Bf2 $142 $16) 36. Kc4 $4 $44 {Very bad move! Now White can't play c3-c4 in
case of Rb8 retreat.} ({Right was} 36. Rb6 $1 {and White wins:} Rxb6 (36... Ra8
37. c4 $18) 37. axb6 Rb7 38. Bc8 Rb8 39. b7 dxc3 40. Kxc3 $18 {[%csl Rb8]})
36... Rd8 (36... dxc3 37. Nxc3 Bf2 $44 {[%cal Gf2e1]}) 37. Bf3 (37. Nc5 dxc3
38. Kxc3 Bxc5 39. bxc5 Rd4 40. Bf3 Ra4 41. h4 Rb7 $44) 37... Bf2 (37... dxc3
$44) 38. Kb3 dxc3 39. Nxc3 Be1 40. Na2 (40. Be2 Rg8 $44 (40... Rb8 $44)) 40...
Rd3+ 41. Ka4 Bf2 (41... Rd4 42. Kb3 Kd7 43. Rb6 Ra7 44. Rb8 c5 $132) 42. Nc1
Rd2 43. Ne2 Rd8 44. Nc3 Be1 45. Na2 f6 {Sign of serious intendes of Black!} (
45... Rd4 $44) 46. Kb3 Kf7 {[%cal Gf7g6] Black tries to remove K to active
play in the kingside.} 47. Rb6 Kg6 48. Nc1 $4 $19 {Dropping equal play} ({
Right was} 48. Be2 $132) ({or} 48. Ka4 Rd2 (48... c5 49. a6 c4 (49... cxb4 50.
h4 Rd3 51. h5+ Kg5 52. Nxb4 Rd4 53. Kb3 Rc3+ 54. Kb2 Rc5 55. a7 Ra5 56. Nc6 Rd6
57. Rb8 Rxc6 58. a8=Q Rxa8 59. Rxa8 $16) 50. b5 c3 51. Rc6 Rxc6 52. bxc6 c2 53.
c7 $18) 49. Nc3 Rd3 50. Na2 Rd2 $132) 48... c5 $1 {[%csl Ra5,Rc1]} 49. bxc5 ({
Or} 49. Na2 c4+ (49... Rd3+ 50. Ka4 cxb4 51. Nxb4 Rd4 52. Kb3 Rc3+ 53. Kb2 Rc5
54. Nd5 Bxa5 55. Rxf6+ Kg7 56. Ra6 $44) 50. Ka4 (50. Kc2 Rd2+ 51. Kb1 c3 52.
Nc1 c2+ 53. Kb2 Rd1 $19 {[%cal Ge1d2]}) 50... c3 $19) 49... Rxc5 {[%csl Ra5,
Rc1]} 50. Kb2 Bxa5 51. Rb3 Rd2+ 52. Kb1 Bc3 ({Good also} 52... Rcc2 53. h4 Bc3
54. h5+ Kg5 55. Nd3 Bd4 {[%cal Gc2a2]} 56. Ra3 Rc7 57. Rb3 f5 $1 58. exf5 e4
59. Bxe4 Rd1+ 60. Ka2 Ra1#) 53. Ne2 Bd4 54. Nxd4 exd4 {[%csl Gd4] Advantage
transformation.} 55. h4 Rc3 ({Simplier is} 55... d3 56. h5+ Kg5 $19) 56. h5+
Kh6 57. Rb6 Kg5 58. Rb5+ Kf4 59. h6 Rc7 60. Rf5+ Ke3 61. e5 (61. Rxf6 Rb7+ 62.
Ka1 (62. Kc1 Rdb2 $19 {[%csl Rc1]}) 62... d3 63. e5 {[%cal Gf3b7]} Rb4 64. h7
Rh4 $19 {[%csl Ra1,Rh7][%cal Gh4h1]}) 61... d3 62. exf6 Rcc2 63. Re5+ Kd4 64.
Rd5+ Kc4 65. f7 Rb2+ 66. Ka1 Ra2+ 67. Kb1 Rdb2+ 68. Kc1 Rf2 $6 (68... Rb8 $19 {
[%csl Rc1][%cal Ga2c2]}) 69. Kb1 Rab2+ (69... Rfb2+ 70. Kc1 Rb8 $19) 70. Ka1
Rb8 $4 $44 {Black again gives to White good chance to survive...} (70... Ra2+
71. Kb1 Rfb2+ 72. Kc1 Rb8 $19) 71. Rd7 (71. Rf5 d2 72. f8=Q Rxf8 73. Rxf8 Rxf3
74. Rc8+ (74. Rxf3 d1=Q+ 75. Kb2 Qe2+ 76. Kc1 Qxg2 $19) 74... Kb5 75. Rd8 Rf1+
76. Kb2 d1=Q 77. Rxd1 Rxd1 $19) 71... Kc3 72. Rc7+ Kb3 73. Bd5+ $4 {The last
mistake.} ({Right was another check:} 73. Bd1+ $1 Kb4 $8 (73... Rc2 74. Rb7+
$18) 74. Bf3 d2 75. Rb7+ $1 {[%csl Gf7][%cal Gf8b4]} Kc3 (75... Rxb7 76. f8=Q+
$18 {check!}) 76. Rxb8 Rxf3 77. Rc8+ Kb3 (77... Kb4 $2 78. Rd8 $18) 78. Rb8+
Kc3 (78... Ka3 79. Ra8+) 79. Rc8+ $11) 73... Kb4 74. Rc1 d2 75. Rd1 Kc3 76. h7
{Dramatic final!} (76. h7 Rf6 77. Ba2 Kc2 $19) 0-1